[Event "9th Sunway Sitges 2022"]
[Site "Sitges ESP"]
[Date "2022.12.16"]
[Round "5.6"]
[White "Svane, Frederik"]
[Black "Esipenko, Andrey"]
[Result "1/2-1/2"]
[WhiteTitle "GM"]
[BlackTitle "GM"]
[WhiteElo "2568"]
[BlackElo "2678"]
[WhiteFideId "12923044"]
[BlackFideId "24175439"]
[EventDate "2022.12.12"]

1. e4 c5 2. Nf3 Nc6 3. Bb5 e5 4. O-O Bd6 5. d4 Nxd4 6. Bc4 h6 7. Nxd4 cxd4 8. c3
Bc5 9. Qb3 Qf6 10. f4 Ne7 11. cxd4 Bxd4+ 12. Kh1 O-O 13. fxe5 Qg6 14. Nd2 Bxe5
15. Nf3 d6 16. Nxe5 dxe5 17. Be3 Be6 18. Bxe6 Qxe6 19. Qxe6 fxe6 20. Rxf8+ Kxf8
21. Rd1 b6 22. Kg1 Ng8 23. Kf2 Nf6 24. Kf3 Ke7 25. Rc1 Kd6 26. Bd2 Nd7 27. Bb4+
Nc5 28. Ke3 Rf8 29. Rc4 a5 30. Bxc5+ bxc5 31. Ra4 Ra8 32. Kd3 Kc6 33. Kc4 g5 34.
a3 Rd8 35. Rxa5 Rd4+ 36. Kc3 Rxe4 37. Kd3 Re1 38. b4 cxb4 39. axb4 e4+ 40. Kd4
e3 41. b5+ Kb7 42. Ra6 e2 43. Ke3 Rg1 44. Kxe2 Rxg2+ 45. Kf3 Rxh2 46. Rxe6 h5
47. Rg6 g4+ 48. Kg3 Rh3+ 49. Kg2 Rb3 50. Rg5 h4 51. Rxg4 Rg3+ 52. Rxg3 hxg3 53.
Kxg3 Kb6 54. Kf4 Kxb5 1/2-1/2

[Event "9th Sunway Sitges 2022"]
[Site "Sitges ESP"]
[Date "2022.12.16"]
[Round "5.7"]
[White "Korobov, Anton"]
[Black "Sankalp, Gupta"]
[Result "1/2-1/2"]
[WhiteTitle "GM"]
[BlackTitle "GM"]
[WhiteElo "2662"]
[BlackElo "2485"]
[WhiteFideId "14105730"]
[BlackFideId "5097010"]
[EventDate "2022.12.12"]

1. e4 e5 2. Nf3 Nf6 3. Nxe5 d6 4. Nf3 Nxe4 5. d4 d5 6. Bd3 Bd6 7. O-O O-O 8. c4
c6 9. Nc3 Nxc3 10. bxc3 dxc4 11. Bxc4 Bf5 12. Bg5 Qa5 13. Nh4 Be6 14. Bxe6 Qxg5
15. Nf3 Qa5 16. Qb3 Qc7 17. Bc4 Nd7 18. Rfe1 c5 19. g3 Nb6 20. Bf1 Rae8 21. a4
Rxe1 22. Rxe1 Qc6 23. Ng5 cxd4 24. a5 Qd5 25. Qxd5 Nxd5 26. cxd4 h6 27. Ne4 Bb4
28. Rc1 Rd8 29. Nc5 Rc8 30. Rc4 Rc7 31. Bg2 b6 32. Bxd5 bxc5 33. a6 Kf8 34. Kg2
Ke7 35. h4 Kd6 36. Bb7 Ba5 37. dxc5+ Rxc5 38. Rxc5 1/2-1/2

[Event "9th Sunway Sitges 2022"]
[Site "Sitges ESP"]
[Date "2022.12.16"]
[Round "5.8"]
[White "Demchenko, Anton"]
[Black "Aditya, Mittal"]
[Result "1-0"]
[WhiteTitle "GM"]
[BlackTitle "IM"]
[WhiteElo "2632"]
[BlackElo "2479"]
[WhiteFideId "4160258"]
[BlackFideId "35042025"]
[EventDate "2022.12.12"]

1. e4 e5 2. Nf3 Nc6 3. Bc4 Nf6 4. d3 d5 5. exd5 Nxd5 6. h3 Be7 7. O-O Nb6 8. Bb3
a5 9. a3 Qd6 10. Re1 Be6 11. Bxe6 Qxe6 12. Qe2 f6 13. d4 O-O-O 14. dxe5 fxe5 15.
Nc3 Rhf8 16. Be3 Nc4 17. Nb5 Nxb2 18. Nd2 Na4 19. Rab1 Bc5 20. Ne4 Bxe3 21. Qxe3
Kb8 22. Nbc3 Nb6 23. Rxb6 cxb6 24. Qxb6 Nd4 25. Qxa5 Nc6 26. Qa4 Rd4 27. Qb5 Qc4
28. Qb6 Qa6 29. Qb2 Rfd8 30. Nc5 Qa7 31. Rb1 Na5 32. Qb5 Ka8 33. Ne6 Rd2 34. Kh2
Rxc2 35. Nxd8 Rxc3 36. Ne6 e4 37. Rb4 Qb8+ 38. g3 Qa7 39. Kg2 Rc2 40. Nd4 Rc5
41. Qe8+ Qb8 42. Qxe4 Qe5 43. Qxh7 Qd5+ 44. Nf3 Qa2 45. Qh8+ Ka7 46. Qd8 Qc2 47.
Qb6+ Ka8 48. Rf4 1-0

[Event "9th Sunway Sitges 2022"]
[Site "Sitges ESP"]
[Date "2022.12.16"]
[Round "5.9"]
[White "Petrosyan, Manuel"]
[Black "Nigmatov, Ortik"]
[Result "1-0"]
[WhiteTitle "GM"]
[BlackTitle "IM"]
[WhiteElo "2621"]
[BlackElo "2439"]
[WhiteFideId "13300857"]
[BlackFideId "14202131"]
[EventDate "2022.12.12"]

1. d4 Nf6 2. Bg5 Ne4 3. Bf4 d5 4. e3 e6 5. Nd2 Bd6 6. Bd3 Nxd2 7. Qxd2 Nd7 8.
Nf3 Nf6 9. c3 O-O 10. h4 b6 11. h5 h6 12. Ne5 Ne4 13. Qc2 Bb7 14. f3 Ng5 15. Qf2
c5 16. a3 Be7 17. g4 cxd4 18. cxd4 Rc8 19. Kf1 Nh7 20. Kg2 Bg5 21. Bg3 Bf6 22.
Rac1 Qe7 23. Rc2 Rfd8 24. Rhc1 Nf8 25. Rxc8 Rxc8 26. Rxc8 Bxc8 27. Qc2 Qb7 28.
Nc6 Bd7 29. Nb8 Be8 30. Bd6 b5 31. Qc7 Qxc7 32. Bxc7 Bg5 33. f4 Be7 34. Na6 f5
35. gxf5 exf5 36. Be2 Bc6 37. Bb8 Nd7 38. Bxa7 Kf7 39. Bd3 g6 40. hxg6+ Kxg6 41.
Kg3 Nf6 42. Bc5 Bd8 43. Nb4 Bd7 44. Be2 Kf7 45. Nd3 Be8 46. Bb4 h5 47. Ne5+ Ke6
48. Nf3 Ng4 49. Bd2 Nf6 50. Ng5+ Kd6 51. Bb4+ Kc6 52. Nf3 Ng4 53. Bd2 Kd6 54.
Nh4 Ke6 55. Bd3 Nh6 56. Bb4 Kf6 57. Kf3 Ke6 58. Be1 Be7 59. Ke2 Kf6 60. Nf3 Ke6
61. Bh4 Bf8 62. Bg5 Nf7 63. Bh4 Nd6 64. Ng5+ Kd7 65. Be1 Nc4 66. Bxf5+ Kc6 67.
Bc3 h4 68. Bg4 Bd7 69. f5 Nd6 70. Bb4 Be7 71. Nf3 Kc7 72. Ne5 Bf6 73. Bxd6+ Kxd6
74. Nd3 Bg5 75. Kf3 Ke7 76. f6+ Bxf6 77. Bxd7 Kxd7 78. Kg4 Kc6 79. b4 Kd6 80.
Nf4 Kc6 81. Ng6 h3 82. Kxh3 Bg5 83. Nf4 1-0

[Event "9th Sunway Sitges 2022"]
[Site "Sitges ESP"]
[Date "2022.12.16"]
[Round "5.10"]
[White "Tahay, Alexis"]
[Black "Aryan, Chopra"]
[Result "1/2-1/2"]
[WhiteTitle "IM"]
[BlackTitle "GM"]
[WhiteElo "2400"]
[BlackElo "2618"]
[WhiteFideId "26090961"]
[BlackFideId "5084423"]
[EventDate "2022.12.12"]

1. e4 e5 2. Nf3 Nc6 3. Bb5 a6 4. Ba4 Nf6 5. O-O b5 6. Bb3 Bc5 7. a4 Rb8 8. c3 d6
9. d4 Bb6 10. axb5 axb5 11. Qd3 O-O 12. Bg5 exd4 13. cxd4 h6 14. Bh4 g5 15. e5
gxh4 16. Qg6+ Kh8 17. Qxh6+ Nh7 18. Bc2 f5 19. exf6 Rf7 20. Ng5 Qxf6 21. Nxf7+
Qxf7 22. Bxh7 Qxh7 23. Qf8+ Qg8 24. Qh6+ Qh7 25. Qf8+ Qg8 26. Qh6+ Qh7 1/2-1/2

[Event "9th Sunway Sitges 2022"]
[Site "Sitges ESP"]
[Date "2022.12.16"]
[Round "5.11"]
[White "Safarli, Eltaj"]
[Black "Abdurakhmonov, Mukhammadali"]
[Result "1-0"]
[WhiteTitle "GM"]
[BlackTitle "IM"]
[WhiteElo "2616"]
[BlackElo "2397"]
[WhiteFideId "13402129"]
[BlackFideId "14207346"]
[EventDate "2022.12.12"]

1. e4 c5 2. Nf3 e6 3. Nc3 a6 4. d4 cxd4 5. Nxd4 Qc7 6. Qd3 b5 7. Qg3 Qxg3 8.
hxg3 Bb7 9. Bd3 Nc6 10. Nxc6 Bxc6 11. Be3 b4 12. Ne2 Nf6 13. f3 d5 14. exd5 Nxd5
15. Bd4 Bb5 16. Be4 Rd8 17. Rd1 Nf6 18. Bxf6 gxf6 19. Rxd8+ Kxd8 20. g4 h6 21.
Bd3 Kc7 22. Bxb5 axb5 23. Rh5 Kb6 24. Kd2 Bd6 25. c3 Rd8 26. Kc2 Bc5 27. cxb4
Bxb4 28. Nc3 Bxc3 29. Kxc3 f5 30. gxf5 Rd5 31. g4 Re5 32. Rxh6 Kc5 33. fxe6 1-0

[Event "9th Sunway Sitges 2022"]
[Site "Sitges ESP"]
[Date "2022.12.16"]
[Round "5.12"]
[White "Gines Esteo, Pedro Antonio"]
[Black "Durarbayli, Vasif"]
[Result "1/2-1/2"]
[WhiteTitle "GM"]
[BlackTitle "GM"]
[WhiteElo "2500"]
[BlackElo "2612"]
[WhiteFideId "32080190"]
[BlackFideId "13402935"]
[EventDate "2022.12.12"]

1. c4 Nf6 2. Nc3 e5 3. Nf3 e4 4. Ng5 c6 5. Ngxe4 Nxe4 6. Nxe4 d5 7. cxd5 cxd5 8.
Ng3 h5 9. e3 h4 10. Ne2 Nc6 11. d4 h3 12. gxh3 Bxh3 13. Bxh3 Rxh3 14. Bd2 Qh4
15. Ng1 Qe4 16. f3 Qh4+ 17. Kf1 Rxh2 18. Be1 Qh5 19. Rxh2 Qxh2 20. Qe2 Qh6 21.
b4 Be7 22. b5 Nd8 23. Rc1 Ne6 24. Rc2 Qg6 25. a4 Kf8 26. a5 Re8 27. Qd1 Kg8 28.
Rg2 Qh6 29. f4 Nf8 30. Qc2 Qe6 31. Rg3 Bh4 32. Rh3 Bxe1 33. Qh2 Ng6 34. Kxe1 Rc8
35. Ne2 Rc2 36. Qg3 Rb2 37. Qf3 f5 38. Nc3 Kf7 39. Rg3 Ne7 40. Qh5+ g6 41. Qh7+
Ke8 42. Qh8+ Kd7 43. Na4 Rxb5 44. Nc5+ Rxc5 45. dxc5 Qe4 46. Qb8 Qb1+ 47. Kf2
Qc2+ 48. Kg1 Qd1+ 49. Kh2 Qh5+ 1/2-1/2

[Event "9th Sunway Sitges 2022"]
[Site "Sitges ESP"]
[Date "2022.12.16"]
[Round "5.13"]
[White "Prraneeth, Vuppala"]
[Black "Cheparinov, Ivan"]
[Result "1/2-1/2"]
[WhiteTitle "IM"]
[BlackTitle "GM"]
[WhiteElo "2427"]
[BlackElo "2688"]
[WhiteFideId "46622373"]
[BlackFideId "2905540"]
[EventDate "2022.12.12"]

1. e4 e5 2. Nf3 Nc6 3. Bb5 a6 4. Ba4 Nf6 5. O-O Be7 6. d3 b5 7. Bb3 d6 8. c3 O-O
9. a4 Bd7 10. Bc2 Re8 11. Re1 h6 12. h3 Bf8 13. Nbd2 Rb8 14. Nf1 b4 15. d4 bxc3
16. bxc3 exd4 17. cxd4 Nb4 18. Ng3 Nxc2 19. Qxc2 d5 20. e5 Ne4 21. Nxe4 dxe4 22.
Qxe4 Be6 23. Ba3 Bd5 24. Qf4 Bb4 25. Bxb4 Rxb4 26. Nh4 Qg5 27. Qxg5 hxg5 28. Nf5
g6 29. Ne3 Rxd4 30. Rec1 Rxe5 31. Rxc7 Be6 32. a5 Rd6 33. Nc4 Bxc4 34. Rxc4 Rdd5
35. Rc6 Re6 36. Rxe6 fxe6 37. Kh2 Kf7 38. Kg3 Kf6 39. Ra4 Kf5 40. f3 Rb5 41. Ra2
Rc5 42. Ra4 Rb5 43. Ra2 Rc5 1/2-1/2

[Event "9th Sunway Sitges 2022"]
[Site "Sitges ESP"]
[Date "2022.12.16"]
[Round "5.14"]
[White "Moussard, Jules"]
[Black "Baenziger, Fabian"]
[Result "1-0"]
[WhiteTitle "GM"]
[BlackTitle "IM"]
[WhiteElo "2684"]
[BlackElo "2426"]
[WhiteFideId "642908"]
[BlackFideId "1330110"]
[EventDate "2022.12.12"]

1. e4 e5 2. Nf3 Nc6 3. Bb5 a6 4. Ba4 Nf6 5. O-O Be7 6. d3 d6 7. c4 Bg4 8. Be3
Nd7 9. Nbd2 O-O 10. h3 Bxf3 11. Nxf3 Bf6 12. Bxc6 bxc6 13. b4 Qb8 14. Qa4 Qb7
15. Nd2 Nb6 16. Qc2 Nc8 17. Rab1 Ne7 18. a4 Qc8 19. b5 Qd7 20. Rb3 axb5 21. axb5
Rfb8 22. Rfb1 h6 23. Qd1 Qe6 24. bxc6 Nxc6 25. Rxb8+ Rxb8 26. Rxb8+ Nxb8 27. Qa4
Kh7 28. Qa8 Nd7 29. Qc6 Bd8 30. c5 dxc5 31. Qxe6 fxe6 32. Nb3 Be7 33. Kf1 Kg6
34. Ke2 Kf7 35. Kd2 c4 36. dxc4 Bb4+ 37. Kc2 Nb6 38. Kd3 Na4 39. Kc2 Nb6 40. Nd2
Bxd2 41. Bxb6 cxb6 42. Kxd2 Ke7 43. Kc3 Kd6 44. Kb4 Kc6 45. h4 g6 46. f3 g5 47.
h5 Kc7 48. Kb5 Kb7 49. c5 bxc5 50. Kxc5 Kc7 51. g3 1-0

[Event "9th Sunway Sitges 2022"]
[Site "Sitges ESP"]
[Date "2022.12.16"]
[Round "5.15"]
[White "Ivanchuk, Vasyl"]
[Black "Saydaliev, Saidakbar"]
[Result "1/2-1/2"]
[WhiteTitle "GM"]
[BlackTitle "FM"]
[WhiteElo "2673"]
[BlackElo "2419"]
[WhiteFideId "14100010"]
[BlackFideId "14203693"]
[EventDate "2022.12.12"]

1. Nf3 Nf6 2. c4 e6 3. d4 d5 4. e3 a6 5. b3 c5 6. Bb2 Nc6 7. cxd5 exd5 8. Nc3
Bg4 9. Be2 Bxf3 10. Bxf3 cxd4 11. exd4 Bb4 12. O-O O-O 13. Na4 Re8 14. Nc5 b6
15. Nd3 Bd6 16. Rc1 Rc8 17. Re1 Rxe1+ 18. Qxe1 Ne7 19. g3 h6 20. Bg2 Qd7 21.
Rxc8+ Qxc8 22. Qe2 a5 23. Ne5 Qf5 24. Qd3 Qxd3 25. Nxd3 Ne8 26. Bh3 Nc7 27. Ne5
Ne6 28. Kf1 Nf8 29. Ke2 f6 30. Ng4 Kf7 31. Ne3 Ne6 32. f4 g5 33. f5 Nc7 34. Bg4
Nc6 35. Bf3 Ne7 36. Kd3 Kg7 37. Bc3 Kf7 38. Be1 Kf8 39. h3 Kf7 40. g4 Ke8 41.
Nd1 Kd7 42. Nc3 Kc6 43. Bd2 Bg3 44. Na4 Bd6 45. Nb2 Kd7 46. Nd1 Kc6 47. Ne3 Kd7
48. Bc3 Ba3 49. Nc2 Bd6 50. a4 Nc6 51. Ne3 Ne7 52. Be1 Kd8 53. Nf1 Ke8 54. Ng3
Kf7 55. Ne2 Nc6 56. Nc3 Ne7 1/2-1/2

[Event "9th Sunway Sitges 2022"]
[Site "Sitges ESP"]
[Date "2022.12.16"]
[Round "5.16"]
[White "Gholami Orimi, Mahdi"]
[Black "Tabatabaei, M. Amin"]
[Result "0-1"]
[WhiteTitle "IM"]
[BlackTitle "GM"]
[WhiteElo "2415"]
[BlackElo "2660"]
[WhiteFideId "12558486"]
[BlackFideId "12521213"]
[EventDate "2022.12.12"]

1. d4 Nf6 2. c4 e6 3. Nc3 Bb4 4. e3 O-O 5. Bd2 d5 6. Nf3 Nbd7 7. cxd5 exd5 8.
Bd3 c6 9. O-O Re8 10. Qc2 Bd6 11. h3 Qe7 12. Rae1 Ne4 13. Bc1 h5 14. Nd2 Ndf6
15. f3 Ng3 16. Rf2 h4 17. e4 Bf4 18. Nf1 Nfh5 19. Ne2 Nxe2+ 20. Rfxe2 Be6 21.
exd5 cxd5 22. Bf5 Rac8 23. Qd1 Bd6 24. Rxe6 fxe6 25. Bg6 Nf4 26. Bxe8 Qxe8 27.
Bxf4 Bxf4 28. Qd3 Qf7 29. Ne3 Rc6 30. Kf1 a6 31. a3 Qf6 32. Ng4 Qg5 33. Re2 Qf5
34. Qxf5 exf5 35. Ne5 Rc1+ 36. Re1 Rxe1+ 37. Kxe1 Bxe5 38. dxe5 f4 39. Kd2 Kf7
40. Kd3 Ke6 41. Kd4 b6 42. b3 g6 0-1

[Event "9th Sunway Sitges 2022"]
[Site "Sitges ESP"]
[Date "2022.12.16"]
[Round "5.17"]
[White "Bournel, Antoine"]
[Black "Jones, Gawain C B"]
[Result "0-1"]
[WhiteTitle "IM"]
[BlackTitle "GM"]
[WhiteElo "2392"]
[BlackElo "2630"]
[WhiteFideId "26093553"]
[BlackFideId "409561"]
[EventDate "2022.12.12"]

1. d4 d5 2. c4 e6 3. Nf3 a6 4. cxd5 exd5 5. Nc3 h6 6. Bf4 Nf6 7. e3 Bd6 8. Be5
c6 9. Bd3 O-O 10. h3 Re8 11. O-O Qe7 12. Bxd6 Qxd6 13. Qc2 Nbd7 14. Nd2 c5 15.
dxc5 Nxc5 16. Nf3 Qb6 17. a3 Bd7 18. b4 Ne6 19. Rfd1 Rac8 20. Rac1 Ng5 21. Nxg5
hxg5 22. Qd2 g4 23. hxg4 Bxg4 24. Be2 Rxc3 25. Rxc3 Ne4 26. Qd4 Qxd4 27. Rxd4
Bxe2 28. Rc7 Bc4 29. Rxb7 Nd6 30. Rd7 Nb5 31. Rf4 Rf8 32. a4 Nc3 33. Kh2 Nxa4
34. e4 dxe4 35. Rxe4 Bb5 36. Rc7 Nb6 37. g4 Nd5 38. Ra7 Rc8 39. Rd4 Bc4 40. Rb7
g5 41. Rd7 Nf4 42. Rd8+ Rxd8 43. Rxd8+ Kg7 44. Rd6 Bb5 45. Kg3 Nd3 46. Rd4 Kf6
47. Re4 Nf4 48. f3 Nd3 49. Kg2 Ne5 50. Kg3 Nxf3 51. Kxf3 Bc6 52. Ke3 Bxe4 53.
Kxe4 Ke6 0-1

[Event "9th Sunway Sitges 2022"]
[Site "Sitges ESP"]
[Date "2022.12.16"]
[Round "5.18"]
[White "Adhiban, Baskaran"]
[Black "Willow, Jonah B"]
[Result "1-0"]
[WhiteTitle "GM"]
[BlackTitle "IM"]
[WhiteElo "2611"]
[BlackElo "2409"]
[WhiteFideId "5018471"]
[BlackFideId "438804"]
[EventDate "2022.12.12"]

1. c4 e5 2. g3 Nf6 3. Bg2 Bc5 4. d3 O-O 5. Nc3 c6 6. Nf3 Qe7 7. O-O h6 8. d4
exd4 9. Nxd4 d5 10. cxd5 cxd5 11. Nb3 Bb6 12. Na4 Bc7 13. Be3 Re8 14. Nc3 Be6
15. Nb5 Be5 16. Bc5 Qd7 17. Bd4 Bh3 18. Nc3 Nc6 19. e3 Bxd4 20. Nxd4 Bxg2 21.
Kxg2 Ne4 22. Nxe4 dxe4 23. Qa4 Re5 24. Nxc6 bxc6 25. Rfd1 Qg4 26. Qxc6 Rc8 27.
Qd7 Qf3+ 28. Kg1 Rc2 29. Rd2 Rec5 30. Rf1 Rc1 31. Rdd1 R1c2 32. Rd2 Rc1 33. Rdd1
R1c2 34. b4 R5c3 35. Rd2 h5 36. h4 Rc1 37. Rdd1 R1c2 38. Rd2 Rc1 39. Rdd1 R1c2
40. Qxa7 Rxf2 41. Rxf2 Qxd1+ 42. Kg2 f5 43. Qb8+ Kh7 44. Qe5 Rxe3 45. Qxf5+ Kg8
46. Qf8+ Kh7 47. Qf5+ Kg8 48. Qc5 Rf3 49. Qc4+ Kh8 50. Qxe4 Rxf2+ 51. Kxf2 Qd2+
52. Kf1 Qxa2 53. Qe8+ Kh7 54. Qxh5+ Kg8 55. Qe8+ Kh7 56. Qe4+ Kh8 57. b5 Qb3 58.
Qe8+ Kh7 59. Kf2 Qc2+ 60. Qe2 Qc5+ 61. Kg2 Qd5+ 62. Kh2 Qb3 63. Qe4+ Kh8 64. Qc6
Qb2+ 65. Kh3 Qb1 66. b6 Qf1+ 67. Qg2 Qf5+ 68. Kh2 Qb1 69. b7 Kh7 70. Qd5 1-0

[Event "9th Sunway Sitges 2022"]
[Site "Sitges ESP"]
[Date "2022.12.16"]
[Round "5.19"]
[White "Carbonell Sancho, Marc"]
[Black "Dardha, Daniel"]
[Result "0-1"]
[WhiteTitle "FM"]
[BlackTitle "GM"]
[WhiteElo "2384"]
[BlackElo "2606"]
[WhiteFideId "32029969"]
[BlackFideId "240990"]
[EventDate "2022.12.12"]

1. e4 e5 2. Nf3 Nc6 3. Bc4 d6 4. a4 Be7 5. c3 f5 6. d3 f4 7. g3 Nf6 8. Ng5 d5 9.
exd5 Nxd5 10. Qf3 Bxg5 11. Bxd5 Rf8 12. O-O Bd7 13. a5 a6 14. Ra4 Qe7 15. b3
O-O-O 16. Ba3 Qf6 17. Bxf8 Rxf8 18. Ra2 Qd6 19. Qg2 fxg3 20. hxg3 h5 21. b4 Nd8
22. Re2 h4 23. Nd2 Bxd2 24. Rxd2 Rh8 25. Re1 c6 26. Be4 Ne6 27. Bf5 hxg3 28.
fxg3 Ng5 29. Bxd7+ Kxd7 30. Re3 Qf6 31. g4 Qf4 32. Qg3 Rf8 33. Qxf4 exf4 34.
Ree2 Nf3+ 35. Kf2 Nxd2 36. Rxd2 Rh8 37. Kf3 g5 38. Ke4 Ke6 39. Kd4 Rh4 40. Rg2
Kd6 41. Ke4 Ke6 42. Kd4 f3 43. Rf2 Rxg4+ 44. Ke3 Rg3 45. Rxf3 Rxf3+ 46. Kxf3 Kf5
47. Ke2 Kf4 48. c4 g4 49. d4 Ke4 50. d5 cxd5 51. c5 Kd4 0-1

[Event "9th Sunway Sitges 2022"]
[Site "Sitges ESP"]
[Date "2022.12.16"]
[Round "5.20"]
[White "Sanal, Vahap"]
[Black "Bilych, Olexiy"]
[Result "1-0"]
[WhiteTitle "GM"]
[BlackTitle "FM"]
[WhiteElo "2597"]
[BlackElo "2401"]
[WhiteFideId "6300545"]
[BlackFideId "14156504"]
[EventDate "2022.12.12"]

1. e4 c5 2. Nf3 Nc6 3. Bb5 e5 4. O-O Bd6 5. c3 a6 6. Ba4 b5 7. Bc2 Nge7 8. a4 b4
9. d4 cxd4 10. cxd4 Nxd4 11. Nxd4 exd4 12. Qxd4 Qc7 13. h3 O-O 14. Qd1 Bb7 15.
Nd2 Ng6 16. b3 Be5 17. Ra2 d5 18. exd5 Bxd5 19. Nf3 Rad8 20. Bxg6 hxg6 21. Rd2
Bxf3 22. Qxf3 Qc3 23. Qd1 Bf6 24. Re1 a5 25. Re3 Rxd2 26. Bxd2 Rd8 27. Bxc3
Rxd1+ 28. Re1 bxc3 29. Rxd1 Bg5 30. f4 Bxf4 31. Rd8+ Kh7 32. Rc8 1-0

[Event "9th Sunway Sitges 2022"]
[Site "Sitges ESP"]
[Date "2022.12.16"]
[Round "5.21"]
[White "Rendle, Thomas E"]
[Black "Cheng, Bobby"]
[Result "1-0"]
[WhiteTitle "IM"]
[BlackTitle "GM"]
[WhiteElo "2381"]
[BlackElo "2583"]
[WhiteFideId "408760"]
[BlackFideId "4300033"]
[EventDate "2022.12.12"]

1. d4 d5 2. c4 e6 3. Nf3 c6 4. g3 dxc4 5. Bg2 b5 6. Ne5 Bb7 7. a4 a6 8. O-O Nf6
9. b3 cxb3 10. Qxb3 Be7 11. Rd1 O-O 12. Nc3 b4 13. a5 Nbd7 14. Nxd7 Nxd7 15. Ne4
c5 16. dxc5 Bxe4 17. Bxe4 Nxc5 18. Bxh7+ Kh8 19. Qc2 Qc8 20. Bb2 b3 21. Qb1 Rb8
22. Rd4 Bf6 23. Rc4 e5 24. Bf5 Qc7 25. Qc1 Rb5 26. Qe3 Qd6 27. g4 Kg8 28. g5 Bd8
29. Bxe5 b2 30. Rb1 Qxe5 31. Qxe5 Ne6 32. Qxb5 axb5 33. Rc8 Nd4 34. Bd3 Bxa5 35.
Rxf8+ Kxf8 36. Rxb2 Bc3 37. Ra2 b4 38. Ra7 Ne6 39. h4 b3 40. Rb7 b2 41. Rb3 Be5
42. Rb5 Bc3 43. e3 Ke7 44. Rb3 Be5 45. f4 Nc5 46. Rb5 Nxd3 47. fxe5 g6 48. Kf1
Kd7 49. Ke2 Kc6 50. Kxd3 Kxb5 51. Kc2 Kc6 52. e6 1-0

[Event "9th Sunway Sitges 2022"]
[Site "Sitges ESP"]
[Date "2022.12.16"]
[Round "5.22"]
[White "Kraemer, Martin"]
[Black "Dionisi, Thomas"]
[Result "1-0"]
[WhiteTitle "GM"]
[BlackTitle "IM"]
[WhiteElo "2583"]
[BlackElo "2390"]
[WhiteFideId "4671910"]
[BlackFideId "651893"]
[EventDate "2022.12.12"]

1. e4 e5 2. Nf3 Nc6 3. Bb5 a6 4. Ba4 Nf6 5. O-O Nxe4 6. d4 b5 7. Bb3 d5 8. dxe5
Be6 9. Nbd2 Nc5 10. c3 d4 11. Bxe6 Nxe6 12. cxd4 Ncxd4 13. Ne4 Qd5 14. Nxd4 Nxd4
15. Nc3 Qc4 16. Be3 Rd8 17. Bxd4 Rxd4 18. Qf3 Rd8 19. Rfd1 c6 20. e6 fxe6 21.
Qh5+ g6 22. Qe5 Rg8 23. Ne4 Rxd1+ 24. Rxd1 Be7 25. Nf6+ Kf7 26. Nxg8 Kxg8 27. b3
Qg4 28. f3 Qf5 29. Qxf5 exf5 30. Rd7 Kf8 31. Kf1 1-0

[Event "9th Sunway Sitges 2022"]
[Site "Sitges ESP"]
[Date "2022.12.16"]
[Round "5.23"]
[White "Tin, Jingyao"]
[Black "Sattarov, Bobir"]
[Result "1-0"]
[WhiteTitle "GM"]
[BlackTitle "IM"]
[WhiteElo "2562"]
[BlackElo "2389"]
[WhiteFideId "5804418"]
[BlackFideId "14203081"]
[EventDate "2022.12.12"]

1. d4 Nf6 2. c4 e6 3. Nc3 Bb4 4. Qc2 O-O 5. a3 Bxc3+ 6. Qxc3 d5 7. Nf3 dxc4 8.
Qxc4 b6 9. Bg5 Ba6 10. Qa4 h6 11. Bh4 c5 12. dxc5 bxc5 13. Rb1 Qd7 14. Qc2 Nc6
15. Bxf6 gxf6 16. Qa4 Qb7 17. e3 Bxf1 18. Kxf1 Rfd8 19. h4 h5 20. Rh3 Ne7 21. g4
c4 22. Qxc4 Rac8 23. Qf4 Ng6 24. Qxf6 hxg4 25. h5 gxh3 26. hxg6 Rd7 27. e4 Rc5
28. Re1 fxg6 29. b4 Qb5+ 30. Kg1 Rh5 31. Rc1 Kh7 32. Qxe6 Rg7 33. Qg4 Rf7 34.
Kh2 Qd3 35. Rc6 Rg7 36. Ng5+ Rxg5 37. Qxg5 Qxe4 38. Rc3 Rf7 39. Rxh3+ Kg8 40.
Qd8+ Rf8 41. Rh8+ Kxh8 42. Qxf8+ Kh7 43. Qf7+ Kh6 44. Kg3 Qd3+ 45. Qf3 Qa6 46.
Qe3+ Kh7 47. Kf4 Qd6+ 48. Ke4 a6 49. Qa7+ Kh6 50. Qc5 Qd7 51. Qd5 Qh3 52. Qd2+
Kh7 53. Qe3 Qd7 54. Ke5 a5 55. Qc5 axb4 56. axb4 Kh6 57. b5 Qf5+ 58. Kd6 Qf8+
59. Kc6 Qf6+ 60. Kb7 Qf7+ 61. Ka6 Qe6+ 62. b6 Qa2+ 63. Kb7 Qf7+ 64. Kb8 Qf4+ 65.
Kc8 Qg4+ 66. Kd8 Qh4+ 67. Ke8 Qe4+ 1-0

[Event "9th Sunway Sitges 2022"]
[Site "Sitges ESP"]
[Date "2022.12.16"]
[Round "5.24"]
[White "Jubin, Jimmy"]
[Black "Alsina Leal, Daniel"]
[Result "1-0"]
[WhiteTitle "FM"]
[BlackTitle "GM"]
[WhiteElo "2376"]
[BlackElo "2527"]
[WhiteFideId "46686614"]
[BlackFideId "2252627"]
[EventDate "2022.12.12"]

1. d4 d5 2. c4 e6 3. Nf3 Nf6 4. g3 Be7 5. Bg2 O-O 6. O-O dxc4 7. Qc2 b5 8. a4 b4
9. Nbd2 Bb7 10. Nxc4 c5 11. dxc5 Be4 12. Qd2 Bxc5 13. Qxd8 Rxd8 14. Nfe5 Nbd7
15. Bg5 Bxg2 16. Kxg2 Nxe5 17. Nxe5 b3 18. Nd3 Be7 19. Rfc1 Rdc8 20. Rxc8+ Rxc8
21. Rc1 Rc2 22. Rxc2 bxc2 23. Kf1 h6 24. Bc1 h5 25. Ne1 Ne4 26. Nxc2 Nc5 27. a5
Nb3 28. Be3 a6 29. Bb6 Bf6 30. Nb4 Bxb2 31. Nxa6 Bc3 32. Nb4 Bxb4 33. a6 Nd2+
34. Kg2 Nc4 35. Bd4 e5 36. a7 exd4 37. a8=Q+ Bf8 38. Qd5 Nd6 39. Qxh5 g6 40. Qd5
Nf5 41. g4 1-0

[Event "9th Sunway Sitges 2022"]
[Site "Sitges ESP"]
[Date "2022.12.16"]
[Round "5.25"]
[White "Alexiadis, Hristos"]
[Black "Sumets, Andrey"]
[Result "0-1"]
[WhiteTitle "FM"]
[BlackTitle "GM"]
[WhiteElo "2342"]
[BlackElo "2506"]
[WhiteFideId "4249623"]
[BlackFideId "14105500"]
[EventDate "2022.12.12"]

1. d4 Nf6 2. Nf3 d5 3. c4 e6 4. g3 Be7 5. Bg2 O-O 6. O-O dxc4 7. Qc2 a6 8. a4
Nc6 9. Qxc4 Na5 10. Qc2 b6 11. Bg5 Bb7 12. Bxf6 Bxf6 13. Rd1 Qe7 14. Nbd2 g6 15.
e3 Rac8 16. Nc4 Nxc4 17. Qxc4 c5 18. Qb3 Rfd8 19. Qa3 Qf8 20. b3 Bxf3 21. Bxf3
cxd4 22. Qxf8+ Kxf8 23. Be2 dxe3 24. fxe3 a5 25. Rxd8+ Rxd8 26. Rd1 Rc8 27. Bc4
Ke7 28. Kf2 h5 29. Rd2 Be5 30. e4 Rc5 31. Kf3 Bd6 32. h3 Rc8 33. g4 Rc5 34. Rc2
hxg4+ 35. hxg4 Rc8 36. Bd3 Rh8 37. Bf1 Rh1 38. Rc1 Rg1 39. Kf2 Rxg4 40. Bg2 f5
41. Rc4 Rg3 42. Bf3 f4 43. Rc8 g5 0-1

[Event "9th Sunway Sitges 2022"]
[Site "Sitges ESP"]
[Date "2022.12.16"]
[Round "5.26"]
[White "Arjun, Kalyan"]
[Black "Mathieu, Phileas"]
[Result "1-0"]
[WhiteTitle "GM"]
[BlackTitle "FM"]
[WhiteElo "2505"]
[BlackElo "2367"]
[WhiteFideId "35018701"]
[BlackFideId "36048410"]
[EventDate "2022.12.12"]

1. e4 e5 2. Nf3 Nc6 3. Bc4 Nf6 4. d3 h6 5. O-O d6 6. c3 g5 7. Nbd2 Bg7 8. Bb3 d5
9. Ba4 O-O 10. Bxc6 bxc6 11. Nxe5 dxe4 12. dxe4 Ba6 13. Re1 Re8 14. Nxc6 Qd7 15.
Nd4 Rad8 16. b4 Ng4 17. N2b3 Bc8 18. f4 Qe7 19. h3 Nf6 20. e5 Nh7 21. Nc6 1-0